000 00891cam a22003013a 4500
001 16415273
003 OSt
005 20160623114453.0
008 961120s1996 nyu j 000 1 eng d
010 _a 97809754
020 _a0590944711 (pbk.)
035 _a(OCoLC)ocm35963853
040 _aDVA
_cDVA
_dSLC
_dOCL
_dDLC
050 0 0 _aPZ 7
_b.Ed26 1996
082 _aKF
_bEd9r 1996
100 1 _aEdwards, Nicholas.
_96328
245 1 4 _aThe return of santa paws /
_cby Nicholas Edwards.
260 _aNew York :
_bScholastic Inc,
_cc1996.
300 _a168 p. :
_c20 cm.
562 _e1
650 0 _aChristmas stories.
_93694
650 0 _aDogs
_vFiction.
_96329
655 7 _aYoung adult fiction.
_2lcsh
_93735
710 2 _aCopyright Paperback Collection (Library of Congress)
_5DLC
_9705
906 _a7
_bcbc
_ccopycat
_d2
_encip
_f19
_gy-genrareb
942 _2lcc
_cBK
999 _c8198
_d8198